Central Library OPAC University of Rajshahi

World role of national revolution / (Record no. 34952)

MARC details
000 -LEADER
fixed length control field 00613nam a2200217 a 4500
001 - CONTROL NUMBER
control field 34952
003 - CONTROL NUMBER IDENTIFIER
rucl marc code BD-RjUL
005 - DATE AND TIME OF LATEST TRANSACTION
control field 20211209052233.0
008 - FIXED-LENGTH DATA ELEMENTS--GENERAL INFORMATION
fixed length control field 190207s1945 ii b 001 0 eng
035 ## - SYSTEM CONTROL NUMBER
System control number (BD-RjUL)35046
040 ## - CATALOGING SOURCE
Original cataloging agency DLC
Transcribing agency NRC
Modifying agency SER
-- m.c
-- BD-RjUL
Language of cataloging eng
041 ## - LANGUAGE CODE
Language code of text/sound track or separate title eng
082 ## - DEWEY DECIMAL CLASSIFICATION NUMBER
Classification number 321.094
Author mark and year RAW 1945
Edition number 23
100 1# - MAIN ENTRY--PERSONAL NAME
Personal name Ranga, N. G.
9 (RLIN) 227855
245 ## - TITLE STATEMENT
Title World role of national revolution /
Statement of responsibility, etc. N G Ranga
260 ## - PUBLICATION, DISTRIBUTION, ETC. (IMPRINT)
Place of publication, distribution, etc. Nidubrolu (Guntur) :
Name of publisher, distributor, etc. Kisan Publishers,
Date of publication, distribution, etc. 1945
300 ## - PHYSICAL DESCRIPTION
Pagination 184, iv p. ;
Size 18 cm.
650 ## - SUBJECT ADDED ENTRY--TOPICAL TERM
Topical term or geographic name as entry element Revolutions
9 (RLIN) 227856
651 ## - SUBJECT ADDED ENTRY--GEOGRAPHIC NAME
Geographic name India
General subdivision History
9 (RLIN) 227857
942 ## - ADDED ENTRY ELEMENTS (KOHA)
Source of classification or shelving scheme Dewey Decimal Classification
Koha item type Rare Books
Holdings
Lost status Source of classification or shelving scheme Damaged status Not for loan Collection code Permanent Location Current Location Shelving location Date acquired Total Checkouts Full call number Date last seen Copy number Koha item type
  Dewey Decimal Classification   Not For Loan Rare Books Central Library, University of Rajshahi Central Library, University of Rajshahi Rare Book Section 23/10/1963   RA 321.094 RAW 1945 07/02/2019 C-1 Rare Books